Tilastot visalle Mannerlaattoja kartalla

Klikkaa tästä pelataksesi tätä visaa!

Yleistilastot

  • Tätä visaa on pelattu 810 kertaa
  • Keskiarvotulos 12 / 15

Vastaukset kartalla

Vastauksille on annettu kartalla punavihreä väri sen mukaan, kuinka moni on saanut sen oikein.
 

Vastaustilastot

Vastaus% Oikein
Afrikan
95%
Euraasian
95%
Antarktiksen
94%
Australian
93%
Etelä-Amerikan
93%
Intian
92%
Arabian
90%
Pohjois-Amerikan
87%
Filippiinien
86%
Karibian
83%
Tyynenmeren
83%
Nazcan
45%
Kookossaaren
40%
Scotian
39%
Juan de Fucan
37%

Tulosjakauma

Persentiili vastausten määrän mukaan

Jokaisen tuloksen saaneiden osuus

Tuloshistoriasi

Et ole pelannut tätä visaa